<?xml version="1.0" encoding="UTF-8"?><?xml-stylesheet type="text/xsl" href="static/style.xsl"?><OAI-PMH xmlns="http://www.openarchives.org/OAI/2.0/" xmlns:xsi="http://www.w3.org/2001/XMLSchema-instance" xsi:schemaLocation="http://www.openarchives.org/OAI/2.0/ http://www.openarchives.org/OAI/2.0/OAI-PMH.xsd"><responseDate>2026-04-18T21:40:27Z</responseDate><request verb="GetRecord" identifier="oai:riubu.ubu.es:10259/6804" metadataPrefix="marc">https://riubu.ubu.es/oai/request</request><GetRecord><record><header><identifier>oai:riubu.ubu.es:10259/6804</identifier><datestamp>2022-07-30T00:05:37Z</datestamp><setSpec>com_10259_6802</setSpec><setSpec>com_10259_5086</setSpec><setSpec>com_10259_2604</setSpec><setSpec>col_10259_6803</setSpec></header><metadata><record xmlns="http://www.loc.gov/MARC21/slim" xmlns:doc="http://www.lyncode.com/xoai" xmlns:xsi="http://www.w3.org/2001/XMLSchema-instance" xmlns:dcterms="http://purl.org/dc/terms/" xsi:schemaLocation="http://www.loc.gov/MARC21/slim http://www.loc.gov/standards/marcxml/schema/MARC21slim.xsd">
<leader>00925njm 22002777a 4500</leader>
<datafield tag="042" ind1=" " ind2=" ">
<subfield code="a">dc</subfield>
</datafield>
<datafield tag="720" ind1=" " ind2=" ">
<subfield code="a">Sanz Leal, María</subfield>
<subfield code="e">author</subfield>
</datafield>
<datafield tag="720" ind1=" " ind2=" ">
<subfield code="a">Orozco Gómez, Martha Lucía</subfield>
<subfield code="e">author</subfield>
</datafield>
<datafield tag="720" ind1=" " ind2=" ">
<subfield code="a">Toma, Radu Bogdan</subfield>
<subfield code="e">author</subfield>
</datafield>
<datafield tag="260" ind1=" " ind2=" ">
<subfield code="c">2022-01</subfield>
</datafield>
<datafield tag="520" ind1=" " ind2=" ">
<subfield code="a">La competencia global como objetivo de aprendizaje, ha tomado relevancia desde su inclusión en el Programa para la Evaluación Internacional de los Estudiantes (PISA), una competencia que se construye en base a distintos modelos de educación global como la educación intercultural, la educación para la ciudadanía o la educación para la democracia. Pese al creciente interés por esta competencia, son numerosas las cuestiones que requieren de una reflexión profunda, tales como ¿Qué es la competencia global? ¿Cómo se ha construido? ¿Desde qué enfoques se parte en los procesos discursivos para su construcción? y ¿Qué aporta la educación intercultural a este constructo? Para dar respuesta a estas preguntas, este artículo discute los antecedentes, las conceptualizaciones, enfoques y teorías en base a las cuales se ha construido el concepto. Se ha encontrado que en la conceptualización ha predominado el enfoque instrumentalista de eficiencia social, aunque sea de manera subyacente, frente a un enfoque de re-construccionismo social que suele aparecer en primer plano y que en muchas ocasiones la competencia global y la competencia intercultural se utilizan indistintamente debido al gran peso que esta última aporta en la competencia global, aunque la tendencia a nivel internacional es adoptar el uso de competencia global por ser más integral para afrontar los desafíos de la globalización. Por último, se destaca que existen desafíos y limitaciones conceptuales y de medición que dificultan comparar a nivel internacional e intercultural la adquisición de esta competencia y que requieren por tanto de más estudios que investiguen sistemáticamente la construcción del concepto, su desarrollo y medición.</subfield>
</datafield>
<datafield tag="520" ind1=" " ind2=" ">
<subfield code="a">Global competence as a learning objective has become relevant since its inclusion in the Programme for International Student Assessment (PISA). Despite the growing interest in this competence, there are several issues requiring deep reflection, such as: What is global competence? How has it been constructed? From which approaches are the discursive processes for its construction based? and What does intercultural education contribute to this construct? To answer these questions, this paper analyses the background, conceptualisations, approaches and theories on which the concept has been built, with special emphasis on interculturality as an educational approach and model that favours inclusion. The method used is a critical review and discur-sive analysis. It has been found that the instrumentalist approach to social efficiency has  predominated  in  the  conceptualization,  (at  least  as  the  underlying  approach),  as opposed to an approach of social re-constructionism that usually appears in the foreground. On many occasions the constructs global competence and intercultural competence are used interchangeably, although the former is more comprehensive in addressing the challenges of globalisation. Finally, it is highlighted that there are conceptual and measurement challenges and limitations that make difficult compar-ing  the  acquisition  of  this  competence  at  an  international  level  and  that  therefore  require more studies that systematically investigate the construction of the concept, its development and measurement.</subfield>
</datafield>
<datafield tag="024" ind2=" " ind1="8">
<subfield code="a">1130-3743</subfield>
</datafield>
<datafield tag="024" ind2=" " ind1="8">
<subfield code="a">http://hdl.handle.net/10259/6804</subfield>
</datafield>
<datafield tag="024" ind2=" " ind1="8">
<subfield code="a">10.14201/teri.25394</subfield>
</datafield>
<datafield tag="024" ind2=" " ind1="8">
<subfield code="a">2386-5660</subfield>
</datafield>
<datafield ind1=" " ind2=" " tag="653">
<subfield code="a">Teoría  de  la  educación</subfield>
</datafield>
<datafield ind1=" " ind2=" " tag="653">
<subfield code="a">Competencia  global</subfield>
</datafield>
<datafield ind1=" " ind2=" " tag="653">
<subfield code="a">Educación  intercultural</subfield>
</datafield>
<datafield ind1=" " ind2=" " tag="653">
<subfield code="a">Educación para la ciudadanía global</subfield>
</datafield>
<datafield ind1=" " ind2=" " tag="653">
<subfield code="a">Educación basada en competencias</subfield>
</datafield>
<datafield ind1=" " ind2=" " tag="653">
<subfield code="a">Educación transformadora</subfield>
</datafield>
<datafield ind1=" " ind2=" " tag="653">
<subfield code="a">Educational  theories</subfield>
</datafield>
<datafield ind1=" " ind2=" " tag="653">
<subfield code="a">Global  competence</subfield>
</datafield>
<datafield ind1=" " ind2=" " tag="653">
<subfield code="a">Intercultural  education</subfield>
</datafield>
<datafield ind1=" " ind2=" " tag="653">
<subfield code="a">Global citizenship education</subfield>
</datafield>
<datafield ind1=" " ind2=" " tag="653">
<subfield code="a">Competence-based education</subfield>
</datafield>
<datafield ind1=" " ind2=" " tag="653">
<subfield code="a">Transformative education</subfield>
</datafield>
<datafield tag="245" ind1="0" ind2="0">
<subfield code="a">Construcción conceptual de la competencia global en educación</subfield>
</datafield>
</record></metadata></record></GetRecord></OAI-PMH>